| 000 | 00570nam a2200181 a 4500 | ||
|---|---|---|---|
| 005 | 20240817063753.0 | ||
| 008 | 991125s1968 fr 000 0 fre u | ||
| 035 | _aUPN01000033893 | ||
| 049 | _aC | ||
| 050 | 4 |
_aPC4645 F3 _bT6.4 |
|
| 100 | 1 | _aToro y Gisbert, Miguel de | |
| 245 | 1 | 0 |
_aLarousse de poche : _bfrancais-espagnol, espagnol-francais / _cpar Miguel de Toro y Gisbert. |
| 260 |
_aParís : _bLarousse, _c1968. |
||
| 300 | _a546 p. | ||
| 650 | 4 |
_aEspañol _vDiccionarios _xFrancés _921402 |
|
| 650 | 4 |
_aFRANCES - _vDICCIONARIOS - _xESPAÑOL _921401 |
|
| 905 | _aLibro | ||
| 999 |
_c33893 _d33893 |
||